|
|
|
|
| LEADER |
03450nam a2200781 ia4500 |
| 001 |
nkc20243582832 |
| 003 |
CZ PrNK |
| 005 |
20240219135747.0 |
| 007 |
ta |
| 008 |
240108m20169999xr abchc p 000 0 cze |
| 015 |
|
|
|a cnb003582832
|z cnb002840260
|
| 020 |
|
|
|a 978-80-7563-638-6
|q (učebnice ;
|q brožováno)
|z 978-80-7563-599-0
|
| 020 |
|
|
|a 978-80-7563-024-7
|q (pracovní sešit ;
|q brožováno)
|
| 035 |
|
|
|a (OCoLC)1420607044
|
| 035 |
|
|
|a (OCoLC)965748171
|
| 040 |
|
|
|a OLA001
|b cze
|d ABA001
|e rda
|
| 043 |
|
|
|a e------
|a e-xr---
|
| 072 |
|
7 |
|a 913(4)
|x Geografie Evropy, reálie, cestování
|2 Konspekt
|9 7
|
| 072 |
|
7 |
|a 37.016
|x Učební osnovy. Vyučovací předměty. Učebnice
|2 Konspekt
|9 22
|
| 080 |
|
|
|a 908
|2 MRF
|
| 080 |
|
|
|a 913(4)
|2 MRF
|
| 080 |
|
|
|a 908(437.3)
|2 MRF
|
| 080 |
|
|
|a (4)
|2 MRF
|
| 080 |
|
|
|a (437.3)
|2 MRF
|
| 080 |
|
|
|a (075.2)
|2 MRF
|
| 080 |
|
|
|a (076.1)
|2 MRF
|
| 100 |
1 |
|
|a Viceníková, Martina
|7 jo2016922074
|4 aut
|
| 245 |
1 |
0 |
|a Hravá vlastivěda 5 :
|b pro 5. ročník ZŠ : v souladu s RVP.
|p Česká republika a Evropa /
|c autoři: Martina Viceníková, Lenka Sakařová, Zuzana Švihlová, Pavel Klech, Adriena Binková, Jan Kamrla
|
| 246 |
3 |
|
|a Vlastivěda pro 5. ročník ZŠ
|
| 246 |
3 |
0 |
|a Vlastivěda 5
|
| 246 |
3 |
0 |
|a Česká republika a Evropa
|
| 250 |
|
|
|a 2. vydání
|
| 264 |
|
1 |
|a Praha :
|b Taktik,
|c 2016-
|
| 300 |
|
|
|a ^^^svazky :
|b ilustrace (převážně barevné), mapy, portréty, faksimile ;
|c 30 cm
|
| 336 |
|
|
|a text
|b txt
|2 rdacontent
|
| 337 |
|
|
|a bez média
|b n
|2 rdamedia
|
| 338 |
|
|
|a svazek
|b nc
|2 rdacarrier
|
| 500 |
|
|
|a Název z obálky
|
| 500 |
|
|
|a Chybné ISBN a čárový kód na zadní straně obálky přelepeny správnými údaji
|
| 505 |
1 |
|
|a Učebnice. 2023. 75 stran -- Pracovní sešit / autoři: Adriena Binková, Daniela Buriánková, Jan Kamrla, Gabriela Komůrková, Aneta Malovcová, Lenka Sakařová, Jana Sochorová, Irena Šlahůnková. 2016. 60 stran
|
| 650 |
0 |
7 |
|a vlastivěda
|7 ph137666
|2 czenas
|
| 650 |
0 |
7 |
|a regionální geografie
|7 ph116030
|z Evropa
|2 czenas
|
| 650 |
0 |
9 |
|a homeland studies
|2 eczenas
|
| 650 |
0 |
9 |
|a regional geography
|z Europe
|2 eczenas
|
| 651 |
|
7 |
|a Česko
|7 ge128065
|x vlastivěda a dějiny
|2 czenas
|
| 651 |
|
9 |
|a Czechia
|x local history and geography
|2 eczenas
|
| 655 |
|
7 |
|a učebnice základních škol
|7 fd133773
|2 czenas
|
| 655 |
|
7 |
|a pracovní sešity
|7 fd133116
|2 czenas
|
| 655 |
|
9 |
|a textbooks (elementary)
|2 eczenas
|
| 655 |
|
9 |
|a activity books
|2 eczenas
|
| 700 |
1 |
|
|a Sakařová, Lenka
|7 jo2016916834
|4 aut
|
| 700 |
1 |
|
|a Švihlová, Zuzana
|7 jo2016916842
|4 aut
|
| 700 |
1 |
|
|a Klech, Pavel
|7 mzk2009492015
|4 aut
|
| 700 |
1 |
|
|a Binková, Adriena,
|d 1973-
|7 osa2014829490
|4 aut
|
| 700 |
1 |
|
|a Kamrla, Jan
|7 jo2016916830
|4 aut
|
| 700 |
1 |
|
|a Buriánková, Daniela
|7 jo2016916828
|4 aut
|
| 700 |
1 |
|
|a Komůrková, Gabriela
|7 jo2016916831
|4 aut
|
| 700 |
1 |
|
|a Malovcová, Aneta
|7 jo2016930538
|4 aut
|
| 700 |
1 |
|
|a Sochorová, Jana
|7 jo2016930539
|4 aut
|
| 700 |
1 |
|
|a Šlahůnková, Irena
|7 jo2016930540
|4 aut
|
| 910 |
2 |
|
|a BOA001
|b 4-1377.908
|s učebnice, pracovní sešit
|
| 920 |
|
|
|a nkc20162840260
|
| 920 |
|
|
|a 001549930
|
| 990 |
|
|
|a BK
|
| 995 |
|
|
|a 01
|
| 991 |
|
|
|b 202401
|c NOV
|
| 996 |
6 |
|
|b 2610690259
|c 4-1377.908
|d 1. pracovní sešit
|v 1
|l MZK
|r Sklad / do 1 hodiny
|n 3
|p p.v.
|w 001950305
|u 000020
|a 1
|e BOA001
|j MZK50
|s P
|
| 996 |
6 |
|
|b 2610959290
|c 4-1377.908
|d 2, učebnice
|v 2
|l MZK
|r Sklad / do 1 hodiny
|n 1
|p p.v.
|w 001950305
|u 000030
|a 1
|e BOA001
|j MZK50
|s P
|